000 00630nam a2200277Ia 4500
005 20260324144809.0
008 008 260324s9999 xx 000 0 eng d
020 _a9780203127339
037 _aEBOOK
040 _aCRL
040 _beng
040 _cCRL
041 _2eng
041 _aeng
084 _qCRL
100 _aGeoffrey Walford
245 0 _aLife in Public Schools (RLE Edu L)
260 _bTaylor and Francis
260 _c1986
365 _a
365 _b240
856 _uhttp://www.taylorfrancis.com/books/9780203127339
942 _cEBOOK
999 _c1827713
_d1827713